Pháp luật giải quyết tranh chấp lao động tập thể về lợi ích tại Việt Nam Luận văn thạc sĩ. Chuyên ngành: Luật Kinh tế. Mã ngành: 60380107

Na minha lista:
Detalhes bibliográficos
Autor principal: Nguyễn, Hồng Tươi
Autores corporativos: Uỷ ban Nhân dân tỉnh Trà Vinh, Trường Đại học Trà Vinh
Outros Autores: Nguyễn Hồng Tươi; Đặng Thanh Hoa
Idioma:Undetermined
Vietnamese
Publicado em: Trà Vinh Trường Đại học Trà Vinh 2018
Assuntos:
Tags: Adicionar Tag
Sem tags, seja o primeiro a adicionar uma tag!
Thư viện lưu trữ: Trung tâm Học liệu Trường Đại học Trà Vinh
LEADER 01050nam a2200277Ia 4500
001 TVU_26921
008 210423s9999 xx 000 0 und d
041 |a vie 
082 |a 344.59701 
082 |b T558 
100 |a Nguyễn, Hồng Tươi 
245 0 |a Pháp luật giải quyết tranh chấp lao động tập thể về lợi ích tại Việt Nam 
245 0 |b Luận văn thạc sĩ. Chuyên ngành: Luật Kinh tế. Mã ngành: 60380107 
245 0 |c Nguyễn Hồng Tươi ; Đặng Thanh Hoa (hướng dẫn khoa học) 
260 |a Trà Vinh 
260 |b Trường Đại học Trà Vinh 
260 |c 2018 
300 |a vii, 74 tr. 
300 |b minh hoạ 
300 |c 30 cm 
650 |a Luật và pháp chế lao động; Tranh chấp lao động; Luật lao động 
700 |a Nguyễn Hồng Tươi; Đặng Thanh Hoa  
700 |e hướng dẫn khoa học 
710 |a Uỷ ban Nhân dân tỉnh Trà Vinh 
710 |b Trường Đại học Trà Vinh 
980 |a Trung tâm Học liệu Trường Đại học Trà Vinh